00350nam a2200133Ia 4500008004100000020001500041041001200056100001700068245007300085260002500158300000900183650000700192700001700199221030s9999 xx 000 0 und d a0074638106 aEnglish aC. H. Pappas 0aVisual C++ 6 : The Complete Referencecby C. H. Pappas, W. H. Murray bTMHaNew Delhic2012 a1015 aIT aW. H. Murray